[Event "Suedwestfalen-ch U16"]
[Site "Meinerzhagen"]
[Date "2004.04.06"]
[Round "5"]
[White "Sander, Kevin"]
[Black "Trippe, Robin"]
[Result "1/2-1/2"]
[WhiteElo "1600"]
[BlackElo "1460"]
[PlyCount "65"]
[EventDate "2004.04.03"]
[EventType "tourn"]
[EventRounds "7"]
[EventCountry "GER"]
[SourceTitle "EXT 2006"]
[Source "ChessBase"]
[SourceDate "2005.11.24"]
[SourceVersion "1"]
[SourceVersionDate "2005.11.24"]
[SourceQuality "1"]

1. e4 c5 2. Nc3 Nc6 3. Bc4 Nf6 4. d3 d6 5. a3 Bg4 6. Nge2 e6 7. h3 Bxe2 8. Qxe2 Be7 9. 0-0 0-0 10. Bg5 h6 11. Bh4 a6 12. f4 Nd4 13. Qd1 Nc6 14. f5 exf5 15. Rxf5 Nxe4 16. Bxe7 Nxc3 17. Bxd8 Nxd1 18. Rxd1 Raxd8 19. Rdf1 Ne5 20. Bd5 Rd7 21. Rd1 g6 22. Rf4 Kg7 23. d4 cxd4 24. Rfxd4 Rfd8 25. c3 Nc6 26. R4d2 Ne7 27. Bb3 d5 28. Kf2 f5 29. Rd4 Kf6 30. c4 Ke5 31. g3 g5 32. a4 b6 33. Ba2 1/2-1/2